Normal view MARC view

Entry Topical Term

Number of records used in: 1

001 - CONTROL NUMBER

  • control field: 35418

003 - CONTROL NUMBER IDENTIFIER

  • control field: OSt

005 - DATE AND TIME OF LATEST TRANSACTION

  • control field: 20230213122354.0

008 - FIXED-LENGTH DATA ELEMENTS

  • fixed length control field: 230213|| aca||aabn | a|a d

040 ## - CATALOGING SOURCE

  • Original cataloging agency: OSt
  • Transcribing agency: OSt

150 ## - HEADING--TOPICAL TERM

  • Topical term or geographic name entry element: Cross-border trade, Look (Act) East Policy, Neoliberalism, Northeast India, Regional development.

670 ## - SOURCE DATA FOUND

  • Source citation: Work cat.: (OSt): Patgiri,Rubul and Gogoi,Dilip 35417, Act east through India’s northeast: Limits of neoliberal strategies towards developing an underdeveloped region

Powered by Koha